नारद की चिन्ता / (Record no. 53900)

MARC details
000 -LEADER
fixed length control field 02837nam a22004097a 4500
005 - DATE AND TIME OF LATEST TRANSACTION
control field 20120511122038.0
008 - FIXED-LENGTH DATA ELEMENTS--GENERAL INFORMATION
fixed length control field 101206t xxu||||| |||| 00| 0 hin d
010 ## - LCCN (DPL NO)
LC control number HIN-93199 B-466908-916
020 ## - INTERNATIONAL STANDARD BOOK NUMBER
Terms of availability 395.00
International Standard Book Number 9789380458236
035 ## - SYSTEM CONTROL NUMBER
System control number HN-65545 B-466908-916
037 ## - SOURCE OF ACQUISITION
Source of stock number/acquisition DBAD/PUB
037 ## - SOURCE OF ACQUISITION
Source of stock number/acquisition एलाइड पब्लिशर्स
040 ## - CATALOGING SOURCE
Original cataloging agency DPL
Language of cataloging HN
082 ## - DEWEY DECIMAL CLASSIFICATION NUMBER
Classification number 827
100 ## - MAIN ENTRY--PERSONAL NAME
9 (RLIN) 24598
Personal name सुशील सिद्धार्थ
245 ## - TITLE STATEMENT
Title नारद की चिन्ता /
Statement of responsibility, etc सुशील सिद्धार्थ
246 ## - VARYING FORM OF TITLE
Title proper/short title Narad ki chinta
Remainder of title by Sushil Siddharth
260 ## - PUBLICATION, DISTRIBUTION, ETC. (IMPRINT)
Place of publication, distribution, etc नई दिल्ली
Name of publisher, distributor, etc सामयिक बुक्स
Date of publication, distribution, etc 2011
270 ## - ADDRESS
City नई दिल्ली
Address 3320-21, जटवाड़ा, दरियागंज,एन.एस.मार्ग
Postal code 110002
300 ## - PHYSICAL DESCRIPTION
Extent 272पृ.
Dimensions 22सेमी (सजिल्द)
650 ## - SUBJECT ADDED ENTRY--TOPICAL TERM
9 (RLIN) 1169
Topical term or geographic name as entry element हिन्दी व्यंग्य
650 ## - SUBJECT ADDED ENTRY--TOPICAL TERM
9 (RLIN) 29580
700 ## - ADDED ENTRY--PERSONAL NAME
9 (RLIN) 24599
700 ## - ADDED ENTRY--PERSONAL NAME
9 (RLIN) 24924
942 ## - ADDED ENTRY ELEMENTS (KOHA)
Source of classification or shelving scheme Dewey Decimal Classification
Item type Hindi Books
Call number suffix सुशील
Classification part 827
Holdings
Withdrawn status Lost status Source of classification or shelving scheme Damaged status Not for loan Collection code Home library Current library Date acquired Source of acquisition Cost, normal purchase price Total Checkouts Full call number Barcode Date last seen Copy number Cost, replacement price Koha item type Total Renewals
    Dewey Decimal Classification     Non-fiction Central Library Central Library 11/05/2012 एलाइड पब्लिशर्स/ 2581/26.03.12/39/20.03.12/28.03.12 395.00 2 827 सुशील B-466908 19/05/2017 1 395.00 Hindi Books  
    Dewey Decimal Classification   Not For Loan Non-fiction D.B.Act.Division D.B.Act.Division 14/07/2011 DBAD / PUB 395.00   827 सुशील HN-65545 14/07/2011 1 395.00 Hindi Books  
    Dewey Decimal Classification     Non-fiction Karol Bagh Karol Bagh 11/05/2012   395.00   827 सुशील B-466914 11/05/2012 1 395.00 Hindi Books  
    Dewey Decimal Classification     Non-fiction Mobile Library Mobile Library 11/05/2012   395.00   827 सुशील B-466909 11/05/2012 2 395.00 Hindi Books  
    Dewey Decimal Classification     Non-fiction Mobile Library Mobile Library 11/05/2012   395.00   827 सुशील B-466910 11/05/2012 2 395.00 Hindi Books  
    Dewey Decimal Classification     Non-fiction Patel Nagar Patel Nagar 11/05/2012   395.00   827 सुशील B-466911 11/05/2012 1 395.00 Hindi Books  
  Written-off vide DLB M. No. 383 dt 16.05.19 Dewey Decimal Classification     Non-fiction Sarojini Nagar Sarojini Nagar 11/05/2012   395.00   827 सुशील B-466912 11/05/2012 1 395.00 Hindi Books  
    Dewey Decimal Classification     Non-fiction Shahdara Branch Shahdara Branch 11/05/2012   395.00 2 827 सुशील B-466915 20/10/2021 1 395.00 Hindi Books 1
    Dewey Decimal Classification     Non-fiction Vinoba Puri Vinoba Puri 11/05/2012   395.00   827 सुशील B-466913 11/05/2012 1 395.00 Hindi Books  
  Written-off vide DLB M. No. 383 dt 16.05.19 Dewey Decimal Classification     Non-fiction Yojana Vihar Yojana Vihar 11/05/2012   395.00   827 सुशील B-466916 11/05/2012 1 395.00 Hindi Books  

© Delhi Public Library
Hit Counter
free hit counter